00486nam a2200169Ia 4500008004100000040001900041041001200060082002400072100001800096245007700114250001200191260004300203300001900246650002100265651001200286850001800298131103s9999 xx 000 0 und d aLoreto College aEnglish a907/ROBbLCBED/4162 aRoberts, P.E. aHistory of british indiab under the company and the crown cP.E.Roberts a3rd.ed. aLondonbOxford unioversity pressc1967 a707p. c 22cm. aHistory - method aHistory aLCBED/907/ROB